000 00343nam a2200157Ia 4500
100 _aWarring/R.H
650 _aElectrical Engineering
942 _cBK
654 _aElectronic
245 _aElectronic Components Hand Book
260 _bTab books
_aUSA
_c1983
082 _a621.3
_bWar
300 _a330
546 _aENGLISH
999 _c34471
_d34471